|
|
|
|
| LEADER |
01670nam a2200469 a 4500 |
| 001 |
000586448 |
| 003 |
CZ BrMZK |
| 005 |
20220721140811.0 |
| 007 |
ta |
| 008 |
020208s2001 xr f eng d |
| 015 |
|
|
|a cnb001192243
|
| 035 |
|
|
|a (OCoLC)53265398
|
| 040 |
|
|
|a BOA001
|b cze
|
| 043 |
|
|
|a s-fg---
|
| 072 |
|
7 |
|a 59
|x Zoologie
|2 Konspekt
|9 2
|
| 080 |
|
|
|a 591.5
|2 MRF
|
| 080 |
|
|
|a 597.2/.5
|2 MRF
|
| 080 |
|
|
|a 639.21
|2 MRF
|
| 080 |
|
|
|a 591.9
|2 MRF
|
| 080 |
|
|
|a 639.3.034
|2 MRF
|
| 080 |
|
|
|a (882)
|2 MRF
|
| 080 |
|
|
|a (282.281)
|2 MRF
|
| 080 |
|
|
|a (048.8)
|2 MRF
|
| 100 |
1 |
|
|a Ponton, Dominique
|7 hka20181017637
|4 aut
|
| 245 |
1 |
0 |
|a Description and ecology of some early life stages of fishes in the river sinnamary (French Guiana, South America) /
|c Dominique Ponton and Sylvie Mérigoux
|
| 260 |
|
|
|a Brno :
|b Institute of Vertebrate Biology Academy of Sciences of the Czech Republic,
|c 2001
|
| 300 |
|
|
|a 116 s. :
|b il. ;
|c 24 cm
|
| 490 |
1 |
|
|a Folia Zoologica ;
|v vol. 50
|
| 490 |
1 |
|
|a Monograph ;
|v 1
|
| 504 |
|
|
|a Obsahuje bibliografii
|
| 650 |
0 |
7 |
|a sladkovodní ryby
|7 ph116170
|2 czenas
|
| 650 |
0 |
7 |
|a fauna
|7 ph114529
|z Francouzská Guayana (Francie)
|2 czenas
|
| 650 |
0 |
7 |
|a rybí plůdek
|7 ph116096
|2 czenas
|
| 650 |
0 |
7 |
|a ekologie živočichů
|7 ph114419
|2 czenas
|
| 655 |
|
7 |
|a studie
|7 fd133597
|2 czenas
|
| 700 |
1 |
|
|a Mérigoux, Sylvie,
|d 1970-
|7 hka20181017632
|4 aut
|
| 710 |
2 |
|
|a Ústav biologie obratlovců (Akademie věd ČR)
|7 kn20020322409
|
| 830 |
|
0 |
|a Folia Zoologica
|
| 830 |
|
0 |
|a Monograph
|
| 910 |
|
|
|a BOA001
|b 2-1098.380
|
| 990 |
|
|
|a BK
|
| 996 |
6 |
|
|b 2610153488
|c 2-1098.380
|l MZK
|r Sklad / do 1 hodiny
|n 0
|p p.v.
|w 000586448
|u 000010
|a 1
|e BOA001
|j MZK50
|s P
|